Fr. Conceicao Rodrigues College of Engineering

Course in Number theory and cryptography (Record no. 27449)

MARC details
000 -LEADER
fixed length control field 00388nam a2200169Ia 4500
082 ## - DEWEY DECIMAL CLASSIFICATION NUMBER
Classification number 005.82/KOB
Item number KOB
100 ## - MAIN ENTRY--PERSONAL NAME
Personal name Koblitz/Neal
250 ## - EDITION STATEMENT
Edition statement 2
245 ## - TITLE STATEMENT
Title Course in Number theory and cryptography
260 ## - PUBLICATION, DISTRIBUTION, ETC.
Name of publisher, distributor, etc. Springer International
Place of publication, distribution, etc. New Delhi
Date of publication, distribution, etc. 1994
366 ## - TRADE AVAILABILITY INFORMATION
Publishers's discount category 20
300 ## - PHYSICAL DESCRIPTION
Extent 235
546 ## - LANGUAGE NOTE
Language note ENGLISH
650 ## - SUBJECT ADDED ENTRY--TOPICAL TERM
Topical term or geographic name entry element Crptography
654 ## - SUBJECT ADDED ENTRY--FACETED TOPICAL TERMS
Focus term number theroy
942 ## - ADDED ENTRY ELEMENTS (KOHA)
Koha item type BOOK
Holdings
Withdrawn status Lost status Damaged status Not for loan Collection Home library Current library Date acquired Source of acquisition Cost, normal purchase price Inventory number Total Checkouts Full call number Barcode Date last seen Cost, replacement price Price effective from Koha item type
        CRC Fr. Agnel's C.Rodrigues College of Engineering Fr. Agnel's C.Rodrigues College of Engineering 17/03/2023 Ane Books India 396.00 355   005.82/KOB KOB 18688 17/03/2023 495.00   BOOK